Normal view
MARC view
Entry Genre/Form Term
001 - CONTROL NUMBER
- control field: 24273
003 - CONTROL NUMBER IDENTIFIER
- control field: BD-DhEWU
005 - DATE AND TIME OF LATEST TRANSACTION
- control field: 20190311140230.0
008 - FIXED-LENGTH DATA ELEMENTS
- fixed length control field: 190311|| aca||aabn | a|a d
040 ## - CATALOGING SOURCE
- Original cataloging agency: BD-DhEWU
- Transcribing agency: BD-DhEWU
155 ## - HEADING--GENRE/FORM TERM
- Genre/form term: Periodical.
670 ## - SOURCE DATA FOUND
- Source citation: Work cat.: (BD-DhEWU)0: Science year :, ©1965-